000 00342nam a2200145Ia 4500
008 150201s2004 xx 000 0 und d
082 _a615
_bP04L
100 _aLILLEY , LINDA LANE
245 _aPHARMACOLOGY & NURSING PROCESS
250 _a4TH
260 _bMOSBY
_aUSA
_c2004
300 _a1025
650 _aPHARMACOLOGY
942 _2ddc
_cBK
999 _c2030
_d2030